|
|
|
|
| LEADER |
01095nam a2200277 i 4500 |
| 001 |
10118068 |
| 003 |
GR-PaULI |
| 005 |
20211230101959.0 |
| 008 |
151022s2014 gr g d gre d |
| 952 |
|
|
|0 0
|1 0
|4 0
|6 832_960000000000000_SCH
|7 0
|9 185778
|a THST
|b THST
|d 2016-04-24
|i 013930
|l 0
|o 832.96 SCH
|p 025000137865
|r 2016-04-24 00:00:00
|t 1
|w 2016-04-24
|y BK15
|
| 999 |
|
|
|c 114460
|d 114460
|
| 020 |
|
|
|a 9789605041120
|
| 040 |
|
|
|a GR-PaULI
|c GR-PaULI
|b gre
|e AACR2
|
| 041 |
1 |
|
|a gre
|h ger
|
| 082 |
0 |
4 |
|a 832.6
|2 23
|
| 100 |
1 |
|
|a Schiller, Friedrich,
|d 1759-1805
|e συγγραφέας
|9 32637
|
| 245 |
1 |
0 |
|a Οι ληστές /
|c Friedrich Sciller ; μετάφραση Γιώργος Δεπάστας.
|
| 260 |
|
|
|a Αθήνα :
|b Νεφέλη,
|c 2014.
|
| 300 |
|
|
|a 254 σ. ;
|c 20 εκ.
|
| 490 |
1 |
|
|a Παράσταση / Νεφέλη
|
| 650 |
|
4 |
|a Γερμανικό δράμα
|9 1811
|
| 700 |
1 |
4 |
|9 149832
|a Δεπάστας, Γιώργος Δ.,
|d 1945-
|e μεταφραστής
|
| 760 |
0 |
|
|a Παράσταση
|
| 830 |
|
0 |
|9 155636
|a Παράσταση (Νεφέλη)
|
| 942 |
|
|
|2 ddc
|c BK15
|
| 998 |
|
|
|c ΜΑΝΙΑ
|d 2015-10
|